000 00612nam a2200193 i 4500
001 145747
003 ES-MaACL
005 20260213163144.0
007 t|
008 071016s1953 sp ||||1| spa d
100 1 _aVera Tornell, Ricardo.
_9113965
245 1 3 _aUn enigma histórico
_b: la toma de Cartagena por Escipión /
_cRicardo Vera Tornell.
260 _a[Cartagena? :
_bCaja de Ahorros del Sureste de España],
_c1953.
300 _a54 p. :
_bil. ;
_c22 cm.
651 4 _aCartagena-
_xHistoria.
_97970
700 2 _a
_9242805
852 _aES-MaACL
_j1960-F-14
_bR.35383
999 _c145747
_d145747